000
00319nam a2200133Ia 4500
008
150201s2010 xx 000 0 und d
082
_a
612
_b
H10M
100
_a
MUTHAYAA,NM
245
_a
HUMAN PHYSIOLOGY
250
_a
4TH
260
_b
JAYPEE BROTHERS
_a
DELHI
_c
2010
650
_a
HUMAN PHYSIOLOGY
942
_2
ddc
_c
BK
_0
20
999
_c
1000
_d
1000